000 00712nam a22001937a 4500
999 _c2988
_d2988
003 AR-CdUCM
008 190305b ||||| |||| 00| 0 spa d
040 _aMUNICIPALIDAD PROVINCIAL DEL CUSCO
_cBIBLIOTECA MUNICIPAL DEL CUSCO
082 _22ed.
_a338.47 /
_bB77
100 _aBoullón, Roberto C.
_910195
245 _aPlanificación del espacio turístico /
260 _aMexico :
_bTrillas,
_c1991.
300 _a245 páginas ;
_bimágenes,
_c24 cm.
505 _aPrecisiones conceptuales -- El sistema turístico -- La teoría del espacio turístico -- El espacio turístico natural...
650 _aTurismo.
_94560
650 _aEspacio turístico.
_910196
942 _2ddc
_cLIBROS
945 _awfj
_d2019-03-05